000 00252nam a2200097Ia 4500
001 644973
005 20250826153615.0
008 250824s9999 xx 000 0 und d
245 0 _aEce Yüce/Yüce Kim Biliyor musunuz
_cGülten Dayıoğlu
260 _bALTIN
999 _c644973
_d644973